| 000 | 00384nam a22001577a 4500 | ||
|---|---|---|---|
| 005 | 20160429094133.0 | ||
| 008 | 160429b xxu||||| |||| 00| 0 eng d | ||
| 041 | _aeng | ||
| 082 | _b00734 | ||
| 100 |
_aWebcom Technology _9196 |
||
| 245 | _aVisual with Photoshop | ||
| 260 |
_aNew Delhi _bWebcom Technologies, |
||
| 300 | _a129 | ||
| 650 |
_aInformation Technology _9137 |
||
| 942 | _cBK | ||
| 999 |
_c214 _d214 |
||